LEADER 01362nam a22003131i 4500 001 991000618229707536 005 20040114191943.0 008 040220s1974 it a||||||||||||||||ita 035 $ab12645072-39ule_inst 035 $aARCHE-064342$9ExL 040 $aDip.to Scienze pedagogiche$bita$cA.t.i. Arché s.c.r.l. Pandora Sicilia s.r.l. 082 04$a309.1 100 1 $aTentori, Tullio$034986 245 10$aBorgo, quartiere, città :$bindagine socio-antropologica sul quartiere di San Carlo nel centro storico di Bologna /$cTullio Tentori, Paolo Guidicini ; 126 fotografie di Fernando Scianna e Giampaolo Avanzi 250 $a2. ed. 260 $aMilano :$bF. Angeli,$c1974 300 $a148 p. :$bill. ;$c22 cm 440 3$aIl prisma 500 $aIn testa al front.: Istituto per la storia di Bologna, ISB 651 4$aBologna$xRioni e quartieri$xSan Carlo$xInchieste sociali 700 1 $aGuidicini, Paolo$eauthor$4http://id.loc.gov/vocabulary/relators/aut$0440398 700 1 $aScianna, Ferdinando 700 1 $aAvanzi, Giampaolo 907 $a.b12645072$b02-04-14$c17-03-04 912 $a991000618229707536 945 $aLE022 MP 82 F 39$g1$i2022000146616$lle022$o-$pE0.00$q-$rl$s- $t0$u0$v0$w0$x0$y.i13149325$z17-03-04 996 $aBorgo, quartiere, citta$91047020 997 $aUNISALENTO 998 $ale022$b17-03-04$cm$da $e-$fita$git $h0$i1 LEADER 01431nam 2200409z- 450 001 9910694304203321 005 20080521083852.0 035 $a(CKB)5860000000017818 035 $a(BIP)021656211 035 $a(EXLCZ)995860000000017818 100 $a20220406c2007uuuu -u- - 101 0 $aeng 200 10$aAlternative perspective on the President's strategy for Iraq $eCommittee on Armed Services, House of Representatives, One Hundred Tenth Congress, first session, hearing held, January 17, 2007 215 $a1 online resource (iii, 81 p.) 311 $a0-16-079842-6 517 $aAlternative perspective on the President's strategy for Iraq 606 $aMilitary doctrine$zUnited States$xEvaluation 606 $aStrategy$xEvaluation 606 $aMilitary planning$zUnited States$xEvaluation 606 $aInsurgency$zIraq 607 $aUnited States$xMilitary policy$xEvaluation 607 $aIraq$xArmed Forces 610 $aMilitary doctrine 610 $aStrategy 610 $aInsurgency 610 $aUnited States 610 $aIraq 610 $aHistory 610 $aPolitical science 615 0$aMilitary doctrine$xEvaluation. 615 0$aStrategy$xEvaluation. 615 0$aMilitary planning$xEvaluation. 615 0$aInsurgency 906 $aBOOK 912 $a9910694304203321 996 $aAlternative perspective on the President's strategy for Iraq$93102497 997 $aUNINA